• 首页
  • 本馆介绍
  • 公告通知
  • 最新文献
  • 馆藏检索
  • 电子资源
  • 读者导购
  • 参考咨询
  • 我的图书馆
  • 登录
  • 详细信息显示
  • 放入我的书架
  • 预约/预借图书
  • 作者相关作品
  • 分类相关作品
  • 丛书相关作品
  • 出版社相关作品

书目信息

  • 表格格式
  • 工作单格式
  • 卡片格式
题名:
东北黑土地保护利用集成技术模式
    
 
作者: 杨帆 , 仲鹭勍 主编 ;农业农村部 , 农业农村部 编著
分册:  
出版信息: 北京   中国农业出版社  2019
页数: 114页
开本: 26cm
丛书名:
单 册:
中图分类: S157.1
科图分类:
主题词: 黑土--hei tu--土地保护--研究--东北地区
电子资源:
ISBN: 978-7-109-24484-9
000 01333nam0 2200289 450
001 012001000399
005 20131106083644.0
010    @a978-7-109-24484-9@dCNY80.00
099    @aCAL 012019070159
100    @a20190603d2019 em y0chiy50 ea
101 0  @achi
102    @aCN@b110000
105    @aak z 000yy
106    @ar
200 1  @a东北黑土地保护利用集成技术模式@Adong bei hei tu di bao hu li yong ji cheng ji shu mo shi@f农业农村部种植业管理司, 农业农村部耕地质量监测保护中心编著
210    @a北京@c中国农业出版社@d2019
215    @a114页@c彩图@d26cm
314    @a书内题: 杨帆, 仲鹭勍主编
330    @a本书介绍了可推广、可复制、能落地、接地气的黑土地保护利用技术模式共17个, 其中, 耕作层深松耕, 保水保肥类技术模式4个 ; 积造利用有机肥, 控污增肥类技术模式5个 ; 科学施肥灌水, 节水节肥类技术模式1个 ; 控制土壤侵蚀, 保土保肥类技术模式4个 ; 调整优化结构, 养地补肥类技术模式3个。
606 0  @a黑土@Ahei tu@x土地保护@x研究@y东北地区
690    @aS157.1@v5
701  0 @a杨帆@AYang Fan@4主编
701  0 @a仲鹭勍@AZhong Luqing@4主编
712 02 @a农业农村部@Anong ye nong cun bu@b种植业管理司@Bzhong zhi ye guan li si@4编著
712 02 @a农业农村部@Anong ye nong cun bu@b耕地质量监测保护中心@Bgeng di zhi liang jian ce bao hu zhong xin@4编著
801  0 @aCN@b北京卓展文化@c20191020
905    @b1196064-6@dS157.1@e104@f3
    
    东北黑土地保护利用集成技术模式/农业农村部种植业管理司, 农业农村部耕地质量监测保护中心编著.-北京:中国农业出版社,2019
    114页:彩图;26cm
    
    
    ISBN 978-7-109-24484-9:CNY80.00
    本书介绍了可推广、可复制、能落地、接地气的黑土地保护利用技术模式共17个, 其中, 耕作层深松耕, 保水保肥类技术模式4个 ; 积造利用有机肥, 控污增肥类技术模式5个 ; 科学施肥灌水, 节水节肥类技术模式1个 ; 控制土壤侵蚀, 保土保肥类技术模式4个 ; 调整优化结构, 养地补肥类技术模式3个。
●
相关链接 在E读中查询图书 在五车中查询图书 在当当中查询图书 在豆瓣中查询图书


正题名:东北黑土地保护利用集成技术模式     索取号:S157.1/104         预约/预借

序号 登录号 条形码 馆藏地/架位号 状态 备注
1 1196064   211960644   第二样本阅览室/ [索取号:S157.1/104] 在馆    
2 1196065   211960653   第三借阅区/ [索取号:S157.1/104] 在馆    
3 1196066   211960662   第三借阅区/ [索取号:S157.1/104] 在馆    
唐山师范学院图书馆 欢迎您!
大连网信软件有限公司© 版权所有